000 00549nam a22001697a 4500
999 _c3886
_d3886
008 200706b ||||| |||| 00| 0 eng d
082 0 0 _a623.8108
_bG6523
100 _93204
_aGoodier, J Norman.
245 1 0 _aStructural mechanics
_cby J Norman. Goodier
260 _aOxford
_bpergamon
_c1960
300 _axi,594 p.
365 _d56.00
505 0 _aproceedings of the first symposium on naval structural mechanics,held at Stanford University, Aug.11-14,1958
650 0 _aStructural Analysis
700 _93205
_aHoff, Nicholas J.
942 _cBK